सरकारी वित्त, वित्तीय व्यवस्था र अन्तर्राष्ट्रिय व्यापार / (Record no. 119899)
[ view plain ]
| 000 -LEADER | |
|---|---|
| fixed length control field | 01033nam a22002177a 4500 |
| 008 - FIXED-LENGTH DATA ELEMENTS--GENERAL INFORMATION | |
| fixed length control field | 250202b |||||||| |||| 00| 0 eng d |
| 020 ## - INTERNATIONAL STANDARD BOOK NUMBER | |
| International Standard Book Number | 9994662686 |
| 082 ## - DEWEY DECIMAL CLASSIFICATION NUMBER | |
| Edition number | 23rd |
| Classification number | N332/G172s |
| 100 ## - MAIN ENTRY--PERSONAL NAME | |
| Personal name | गैरे, ऋषिराम |
| 241 ## - ROMANIZED TITLE (BK AM CF MP MU VM) | |
| Romanized title | Sarkari bitta, bittiya vyavastha ra antarashtriya vyapar. |
| 245 ## - TITLE STATEMENT | |
| Title | सरकारी वित्त, वित्तीय व्यवस्था र अन्तर्राष्ट्रिय व्यापार / |
| Statement of responsibility, etc. | ऋषिराम गैरे र सागरमणि घिमिरे. |
| 246 ## - VARYING FORM OF TITLE | |
| Title proper/short title | Government finance, financial system and international trade |
| 260 ## - PUBLICATION, DISTRIBUTION, ETC. | |
| Place of publication, distribution, etc. | काठमाडाैंः |
| Name of publisher, distributor, etc. | हजुरकाे प्रकाशन, |
| Date of publication, distribution, etc. | २०६२वि. |
| 300 ## - PHYSICAL DESCRIPTION | |
| Extent | 265p. : ill. |
| 504 ## - BIBLIOGRAPHY, ETC. NOTE | |
| Bibliography, etc. note | Includes bibliography. |
| 650 ## - SUBJECT ADDED ENTRY--TOPICAL TERM | |
| Topical term or geographic name entry element | वित्त |
| 650 ## - SUBJECT ADDED ENTRY--TOPICAL TERM | |
| Topical term or geographic name entry element | वित्तिय व्यवस्था |
| 650 ## - SUBJECT ADDED ENTRY--TOPICAL TERM | |
| Topical term or geographic name entry element | व्यापार |
| 700 ## - ADDED ENTRY--PERSONAL NAME | |
| Personal name | घिमिरे, सागरमणि |
| 942 ## - ADDED ENTRY ELEMENTS (KOHA) | |
| Source of classification or shelving scheme | Dewey Decimal Classification |
| Koha item type | ISBN |
| Withdrawn status | Lost status | Source of classification or shelving scheme | Damaged status | Not for loan | Home library | Current library | Date acquired | Total Checkouts | Full call number | Barcode | Date last seen | Price effective from | Koha item type |
|---|---|---|---|---|---|---|---|---|---|---|---|---|---|
| Dewey Decimal Classification | Tribhuvan University Central Library | Tribhuvan University Central Library | 02/02/2025 | N332/G172s | IS4247 | 02/02/2025 | 02/02/2025 | ISBN |
